| 000 | 00555nam a22001815i 4500 | ||
|---|---|---|---|
| 001 | 54129 | ||
| 003 | ES-MaACL | ||
| 005 | 20240518063026.0 | ||
| 007 | t| | ||
| 008 | 960712s1870 fr ||||1| fre d | ||
| 040 |
_aCAM _bspa _cCAM |
||
| 100 | 0 |
_aFéval, Paul, _d1816-1887 _950646 |
|
| 245 | 1 | 0 |
_aMaman Léo _b: suite de l'Arme invisible / _cpar Paul Féval. |
| 260 |
_aParis : _bE. Dentu, éditeur, _c1870 ( _eSt. Amand : _fImp. de Destenay) |
||
| 300 |
_a[4], 400 p. ; _c18 cm. |
||
| 852 |
_aES-MaACL _jC-2705 |
||
| 999 |
_c54129 _d54129 |
||